Про100 детям. Вып. 3 (Запись № 13690960)
[ простой вид ]
| 000 -МАРКЕР | |
|---|---|
| контрольное поле | 01564nam2a2200265 4500 |
| 001 - ИДЕНТИФИКАТОР ЗАПИСИ | |
| контрольное поле | RU\NLR\BIBL_A\022321156 |
| 005 - ИДЕНТИФИКАТОР ВЕРСИИ | |
| контрольное поле | 20260426065625.0 |
| 010 ## - МЕЖДУНАРОДНЫЙ СТАНДАРТНЫЙ НОМЕР КНИГИ (ISBN) | |
| Номер (ISBN) | 978-5-00187-910-7 |
| Тираж | 300 |
| 021 ## - НОМЕР ГОСУДАРСТВЕННОЙ РЕГИСТРАЦИИ | |
| Код страны | Российская Федерация |
| Номер | КН-П-24-043996 |
| Номер Листа государственной регистраци | КН-П-24-4380 |
| 035 ## - ДРУГИЕ СИСТЕМНЫЕ НОМЕРА | |
| Идентификатор записи | (NLR Aleph) 022321156 |
| 100 ## - ДАННЫЕ ОБЩЕЙ ОБРАБОТКИ | |
| Данные общей обработки | 20240912d2024 u y0rusy50 ca |
| 101 0# - ЯЗЫК РЕСУРСА | |
| Язык текста, звукозаписи и т.д. | русский |
| 102 ## - СТРАНА ПУБЛИКАЦИИ ИЛИ ПРОИЗВОДСТВА | |
| Страна публикации | Российская Федерация |
| 105 ## - ПОЛЕ КОДИРОВАННЫХ ДАННЫХ: ТЕКСТОВЫЕ МАТЕРИАЛЫ, МОНОГРАФИЧЕСКИЕ | |
| Кодированные данные о монографическом текстовом документе | a z 000gy |
| 200 0# - ЗАГЛАВИЕ И СВЕДЕНИЯ ОБ ОТВЕТСТВЕННОСТИ | |
| Основное заглавие | Вып. 3 |
| Первые сведения об ответственности | сост.: Г. Макушкина |
| 210 ## - ПУБЛИКАЦИЯ, РАСПРОСТРАНЕНИЕ И ДР. | |
| Дата издания, распространения и т.д. | 2024 |
| 215 ## - ФИЗИЧЕСКАЯ ХАРАКТЕРИСТИКА | |
| Специфическое обозначение материала и объем | 187 с. |
| Другие сведения о физической характеристике | ил. |
| 327 0# - ПРИМЕЧАНИЯ О СОДЕРЖАНИИ | |
| Текст примечания | Содерж.: авт.: Марьям Аверина-Каюмова, Аида Акулова, Олеся Алабужина, Екатерина Алёшина, Анна Андим, Зинаида Ахидова, Ирина Бабина, Николай и Дарья Берсень, Елена Богомолова, Светлана Борзова [и др.] |
| 461 #0 - УРОВЕНЬ НАБОРА | |
| Встроенное поле | 001RU\NLR\BIBL_A\012856743 |
| -- | 2001#$aПро100 детям$eстихотворения для детей$eсборник$fсост.: Ю. И. Рущак, М. В. Соседко$g[художник: Алиса Дьяченко]$vВып. 3 |
| Системный номер (АБИС) связанной записи | 12444951 |
| Место публикации | Новокузнецк |
| Дата публикации | 2021 |
| Первые сведения об ответственности | сост.: Ю. И. Рущак, М. В. Соседко |
| Имя издателя, распространителя и т.д. | Союз писателей |
| Сведения, относящиеся к заглавию | стихотворения для детей : сборник |
| Заглавие | Про100 детям |
| Номер тома | Вып. 3 |
| 702 #1 - ИМЯ ЛИЦА - ВТОРИЧНАЯ ОТВЕТСТВЕННОСТЬ | |
| Код отношения | Составитель |
| Графика поля | Кириллица |
| Материалы, к которым относится поле | rus |
| Начальный элемент ввода | Мак |
| Часть имени, кроме начального элемента ввода | Г. |
| Дополнения к именам, кроме дат | псевдоним |
| Расширение инициалов личного имени | Галина |
| Системный номер авторитетной/нормативной записи | 252317 |
| Идентификатор авторитетной/нормативной записи | RU\NLR\AUTH\770252373 |
| 942 ## - ДОПОЛНИТЕЛЬНЫЕ ЭЛЕМЕНТЫ ЗАПИСИ (АБИС) | |
| Тип экземпляра АБИС | Книга |
| 980 ## - КОЛЛЕКЦИЯ | |
| Название коллекции | Национальная библиография |
Нет доступных экземпляров.